LEADER 05504nam 2200673Ia 450 001 9910790122403321 005 20230801222435.0 010 $a1-299-31457-0 010 $a1-118-22477-9 035 $a(CKB)2670000000176504 035 $a(EBL)821813 035 $a(OCoLC)815954808 035 $a(SSID)ssj0000654192 035 $a(PQKBManifestationID)11405729 035 $a(PQKBTitleCode)TC0000654192 035 $a(PQKBWorkID)10659785 035 $a(PQKB)10517999 035 $a(MiAaPQ)EBC821813 035 $a(Au-PeEL)EBL821813 035 $a(CaPaEBR)ebr10560606 035 $a(CaONFJC)MIL462707 035 $a(EXLCZ)992670000000176504 100 $a20120528d2012 uy 0 101 0 $aeng 135 $aur|n|---||||| 181 $2rdacontent 182 $2rdamedia 183 $2rdacarrier 200 10$aPhotoshop CS6 bible$b[electronic resource] /$fLisa DaNae Dayley, Brad Dayley 210 $aIndianapolis, IN $cWiley$dc2012 215 $a1 recurso en línea 300 $aIncludes index. 311 $a1-118-12388-3 327 $aAdobe Photoshop CS6 Bible; About the Authors; Credits; Table of Contents; Acknowledgments; Introduction; Is This Book for You?; How This Book Is Organized; How to Use This Book; Icons Used in This Book; Contacting the Authors; Part I: Getting Started with Adobe Photoshop CS6; Chapter 1: Introducing Adobe Photoshop CS6; Discovering the Versatile World of Photoshop; Looking at What's New in Photoshop CS6; Summary; Chapter 2: Exploring the Photoshop Workspace; Touring the Workspace; Exploring the Photoshop Menu Bar; Exploring Panels; Understanding the Tools in the Toolbox; Configuring Presets 327 $aSetting PreferencesCustomizing Shortcuts and Menus; Summary; Chapter 3: Performing Image Basics; Exploring File Types; Creating and Opening Images; Resizing Files and Adjusting Resolution; Cropping and Straightening Images; Summary; Chapter 4: Understanding Colors, Histograms, Levels, and Curves; Knowing Color Basics; Understanding Channels and Levels; Adjusting with Histograms; Working in Different Color Modes; Choosing Colors; Summary; Chapter 5: Applying History and Actions; Understanding Photoshop's Non-Destructive Features; Using the History Panel; Creating and Using Automated Actions 327 $aSummaryChapter 6: Using Bridge to Organize and Process Files; Working in the Bridge Workspaces; Organizing Files in Bridge; Processing Images Using Bridge and Photoshop; Using the Mini-Bridge Tool in Photoshop; Summary; Part II: Working with Camera Raw Images; Chapter 7: Exploring Camera Raw Basics; Looking at Camera Raw Benefits; Understanding Camera Raw File Types; Opening Images in Camera Raw; Getting to Know the Camera Raw Workspace; Changing Your Workflow Options; Setting Preferences; Using the Camera Raw Panel Menu; Creating Snapshots; Saving Presets; Exporting Camera Raw Files; Summary 327 $aChapter 8: Processing Photos with Camera RawGetting to Know the Camera Raw Tools; Synchronizing Adjustments in Multiple RAW Images; Adjusting the White Balance; Adjusting Lighting; Adjusting Color and Clarity; Correcting and Retouching; Creating Artistic Effects; Correcting Camera Quirks; Reducing Noise and Adjusting Sharpness; Summary; Part III: Working with Selections, Layers, and Channels; Chapter 9: Creating Selections; Getting Familiar with the Select Menu; Using the Selection Tools; Refining Your Selection; Using the Color Range Selector; Summary; Chapter 10: Learning All About Layers 327 $aIntroducing LayersUsing the Layer Menus; Looking at the Layers Panel; Applying Worry-Free Fill and Adjustment Layers; Creating Layer Style Special Effects; Creating Smart Objects; Manipulating Layer Masks; Creating Layer Comps; Merging Layers; Summary; Chapter 11: Exploring Channels; Understanding Color Channels; Using the Channel Mixer; Using the Channels Panel; Making Channel Selections; Understanding the Alpha Channel; Using Spot Color Channels; Summary; Part IV: Enhancing, Correcting, and Retouching Images; Chapter 12: Optimizing Adjustment Workflow; Understanding Workflow 327 $aMaking Auto Adjustments 330 $aThe comprehensive, soup-to-nuts guide to Photoshop, fully updated Photoshop CS6, used for both print and digital media, is the industry leader in image-editing software. The newest version adds some exciting new features, and this bestselling guide has been revised to cover each of them, along with all the basic information you need to get started. Learn to use all the tools, including the histogram palette, Lens Blur, Match Color, and the color replacement tool, as well as keyboard shortcuts. Then master retouching and color correction, work with Camera Raw images, prepare pho 606 $aComputer graphics$xComputer programs 606 $aComputer graphics 606 $aPhotography$xDigital techniques$xComputer programs 606 $aPhotography$xDigital techniques$xData processing 615 0$aComputer graphics$xComputer programs. 615 0$aComputer graphics. 615 0$aPhotography$xDigital techniques$xComputer programs. 615 0$aPhotography$xDigital techniques$xData processing. 676 $a006.686 676 $a006.6896 700 $aDayley$b Lisa DaNae$01468629 701 $aDayley$b Brad$01468630 801 0$bMiAaPQ 801 1$bMiAaPQ 801 2$bMiAaPQ 906 $aBOOK 912 $a9910790122403321 996 $aPhotoshop CS6 bible$93679914 997 $aUNINA LEADER 02997nam 22005175 450 001 9910349558403321 005 20200704150222.0 010 $a3-658-27409-3 024 7 $a10.1007/978-3-658-27409-2 035 $a(CKB)4100000008785932 035 $a(MiAaPQ)EBC5843047 035 $a(DE-He213)978-3-658-27409-2 035 $a(EXLCZ)994100000008785932 100 $a20190730d2019 u| 0 101 0 $aeng 135 $aurcnu|||||||| 181 $ctxt$2rdacontent 182 $cc$2rdamedia 183 $acr$2rdacarrier 200 10$aAdaptive Efficiency During the Great Recession $eAn Analysis of the Institutional and Organizational Determinants of Crisis Resilience /$fby Robert Fritzsch 205 $a1st ed. 2019. 210 1$aWiesbaden :$cSpringer Fachmedien Wiesbaden :$cImprint: Springer Gabler,$d2019. 215 $a1 online resource (393 pages) 225 1 $aWirtschaft und Politik,$x2524-5945 311 $a3-658-27408-5 320 $aIncludes bibliographical references. 330 $aRobert Fritzsch provides an institutional economic analysis of the Great Recession. The author shows that institutions matter as determinants of crisis resilience - however in a different way than predicted by the prominent theories of Olson (1982) and North, Wallis, Weingast (2009), as the crisis was most severe in developed countries with democratic political institutions, rule of law and restrained regulations. The empirical results support theoretical predictions only within the sub-group of developed countries, where rule of law and restrained regulations show a positive association with crisis resilience. Contents Political Institutions, Interest Group Activity and Crisis Resilience Economic Institutions and Crisis Resilience Target Groups Scholars and students of economics, political science, and sociology Politicians, public employees About the Author Robert Fritzsch is research associate at the chair of institutional economics and economic policy at the University of Erfurt. . 410 0$aWirtschaft und Politik,$x2524-5945 606 $aEconomic policy 606 $aEvolutionary economics 606 $aLaw and economics 606 $aEconomic Policy$3https://scigraph.springernature.com/ontologies/product-market-codes/W34010 606 $aInstitutional/Evolutionary Economics$3https://scigraph.springernature.com/ontologies/product-market-codes/W53010 606 $aLaw and Economics$3https://scigraph.springernature.com/ontologies/product-market-codes/W39000 615 0$aEconomic policy. 615 0$aEvolutionary economics. 615 0$aLaw and economics. 615 14$aEconomic Policy. 615 24$aInstitutional/Evolutionary Economics. 615 24$aLaw and Economics. 676 $a330.90511 700 $aFritzsch$b Robert$4aut$4http://id.loc.gov/vocabulary/relators/aut$0963846 906 $aBOOK 912 $a9910349558403321 996 $aAdaptive Efficiency During the Great Recession$92185842 997 $aUNINA LEADER 05626nam 22006855 450 001 9910300190103321 005 20250704134342.0 010 $a1-4939-1510-X 024 7 $a10.1007/978-1-4939-1510-1 035 $a(CKB)3710000000261818 035 $a(EBL)1965034 035 $a(SSID)ssj0001372728 035 $a(PQKBManifestationID)11767041 035 $a(PQKBTitleCode)TC0001372728 035 $a(PQKBWorkID)11312974 035 $a(PQKB)11703266 035 $a(DE-He213)978-1-4939-1510-1 035 $a(MiAaPQ)EBC1965034 035 $a(PPN)182093409 035 $a(EXLCZ)993710000000261818 100 $a20141020d2015 u| 0 101 0 $aeng 135 $aur|n|---||||| 181 $ctxt 182 $cc 183 $acr 200 10$aOrbital Tumors $eDiagnosis and Treatment /$fedited by Zeynel A. Karcioglu 205 $a2nd ed. 2015. 210 1$aNew York, NY :$cSpringer New York :$cImprint: Springer,$d2015. 215 $a1 online resource (514 p.) 300 $aDescription based upon print version of record. 311 08$a1-4939-1509-6 327 $aPreface for the First Edition; Preface for the Second Edition; Acknowledgments for the First Edition; Acknowledgments for the Second Edition; Contents; Contributors; 1: Molecular Models of Cancer Development; Historical Overview; Causes of Cancer; Epigenetics: The Link Between Cancer and the Environment; The Metabolic Way to Cancer; New Prospectives in Cancer: The Retinoblastoma Paradigm; References; 2: Immune Surveillance and Cancer Pathogenesis; Immunological Response to Cancer; Aging and Oncogenesis; Viruses and Oncogenesis; Ionizing Radiation, Chemicals, and Cancer 327 $aRelevance of Immunological Response to Orbital TumorsReferences; 3: The Changing Nature and Behavior of Orbital Tumors; Changes in the Incidence of Orbital Diseases Over Time; Immunosuppression and Cancer; Immunosuppression and Infection; Invasive Aspergillosis; Mucormycosis; Other Infections in AIDS Patients; Non-infectious Orbital Inflammation in AIDS; Other Virus-Associated Neoplasms of the Orbit and Ocular Adnexa; Epstein-Barr virus; Human Papilloma Virus; Human T-Cell Leukemia Virus-1; Mucosa-Associated Lymphoid Tissue Lymphoma and Microbial Infection; Conclusion; References 327 $a4: Mechanisms of Tumor Metastasis in the OrbitDissemination and Metastases; Basic Mechanisms of Metastasis; Dissemination; Intravasation and Circulation; Metastatic Colonization; Metastatic Niche; Organ Tropism; Orbital Metastasis; Local Orbital Environment; Orbital Vascular Bed; Orbital Tissue Homing; Metastatic Disease in the Orbit; Temporal Relationship Between Metastasis and Time of Diagnosis of Primary Tumor; Conclusions; References; 5: Second Primary Tumors in Retinoblastoma; Introduction; Molecular Genetics of Retinoblastoma; Clinical Genetics; Second Primary Tumors 327 $aReferences6: Clinical Evaluation of the Orbit; History; Ocular Examination; Orbital Examination; References; 7: Neuro-Ophthalmologic Evaluation of the Orbit; History; Age; Past Medical History; Time Course of Orbital Process; Symptoms; Examination; General Physical Examination; External Examination; Slit Lamp Examination; Measurement of Intraocular Pressure; Testing Afferent Visual Function; Visual Field Testing; Pupil Testing; Ocular Motility Measurements; Ophthalmoscopy; Retinal Findings; Orbital Imaging; Systemic Disorders that May Affect the Orbit; Sarcoidosis 327 $aGranulomatosis with Polyangiitis: Formerly Wegener's Granulomatosis Polyarteritis Nodosa; Giant Cell Arteritis; Orbital Extension of Intracranial Disease; Optic Pathway Glioma; Adult Malignant Glioma; Meningiomas; Optic Nerve Sheath Meningiomas; Conclusions; References; 8: Ultrasonography in Orbital Differential Diagnosis; Echographic Characteristics of the Orbit; Echographic and Tissue Correlation; Echographic Assessment of Orbital Disorders; Orbital Lesions; Primary Orbital Lesions; Cystic Lesions; Vascular Lesions [7, 8]; Peripheral Nerve Lesions; Pseudotumor; Rhabdomyosarcoma 327 $aSecondary Orbital Lesions 330 $aOrbital Tumors, 2nd edition discusses advances in orbital disease and their treatment, offering readers an up-to-date, single volume reference for orbital tumors. Divided into two parts, this book covers everything from advances in oncogenesis and its relationship to orbital tumors, to medical genetics and the role of imaging in diagnosis of orbital tumors. Additionally, new information on incidence and behavior of tumors resulting from environmental and social trends is included. Written and edited by leaders in the fields of ophthalmology and oncology, Orbital Tumors, 2nd edition builds upon the first edition, proving to be a useful reference for orbital specialists and of significant interest to everyone dealing with orbital pathology from a clinical and scientific point of view. 606 $aOphthalmology 606 $aPathology 606 $aOncology 606 $aOphthalmology 606 $aPathology 606 $aOncology 615 0$aOphthalmology. 615 0$aPathology. 615 0$aOncology. 615 14$aOphthalmology. 615 24$aPathology. 615 24$aOncology. 676 $a610 676 $a616.07 676 $a616994 676 $a617.7 702 $aKarcioglu$b Zeynel A$4edt$4http://id.loc.gov/vocabulary/relators/edt 906 $aBOOK 912 $a9910300190103321 996 $aOrbital Tumors$91736755 997 $aUNINA